000
00198 a2200097 4500
001
12194
100
_a
Amjad,Islam Amjad
245
_a
Apnay Log
260
_a
_b
Sang-e-Meel
_c
090
_c
9408
_d
9408
942
_a
NUST-CAE
_c
M
_c
36276
999
_c
247267
_d
247267